sociological aspects of economics development (Record no. 1345)

MARC details
000 -LEADER
fixed length control field 00537cam a2200193ua 4500
001 - CONTROL NUMBER
control field 1456
005 - DATE AND TIME OF LATEST TRANSACTION
control field 20260515113333.0
008 - FIXED-LENGTH DATA ELEMENTS--GENERAL INFORMATION
fixed length control field 110709n ii |||gr||||Z||||||eng
040 ## - CATALOGING SOURCE
Transcribing agency MAIN
082 ## - DEWEY DECIMAL CLASSIFICATION NUMBER
Classification number 301
100 1# - MAIN ENTRY--PERSONAL NAME
Personal name Borthakur, B. N.,
Relator term Author.
245 1# - TITLE STATEMENT
Title sociological aspects of economics development
Statement of responsibility, etc. by B. N. borthakur
250 ## - EDITION STATEMENT
Edition statement 1st.
260 ## - PUBLICATION, DISTRIBUTION, ETC.
Place of publication, distribution, etc. Dibrugarh:
Name of publisher, distributor, etc. Upasana Publishing Academy,
Date of publication, distribution, etc. 2004.
300 ## - PHYSICAL DESCRIPTION
Extent i; 168p:
Dimensions 23cm.
653 ## - INDEX TERM--UNCONTROLLED
Uncontrolled term Sociology
653 ## - INDEX TERM--UNCONTROLLED
Uncontrolled term Sociological aspect of economic development
942 ## - ADDED ENTRY ELEMENTS (KOHA)
Koha item type Books
Holdings
Withdrawn status Lost status Damaged status Not for loan Home library Current library Shelving location Date acquired Total checkouts Full call number Barcode Date last seen Copy number Price effective from Koha item type
        Naharkatiya College Library Naharkatiya College Library General stacks 09/19/2020   301 | BOR 18663 09/19/2020 1 09/19/2020 Books